| 000 | 01480nam a22003977a 4500 | ||
|---|---|---|---|
| 003 | CHAP | ||
| 005 | 20220329140942.0 | ||
| 008 | 971013s1988 r 00010 d | ||
| 010 | _a60347 | ||
| 011 | _a61319 | ||
| 035 | _a65483 | ||
| 040 | _cCHAP | ||
| 090 | _aTesis | ||
| 100 | 0 | 0 |
_aFernández Cárdenas, José Antonio. _940141 |
| 245 | _aSistema de producción de carne de bovino bajo praderas de estrella africana (Cynodon plectostachyus) bajo en condiciones de riego en Colima, Col. | ||
| 260 |
_aChapingo, Méx. : _bEl autor, _c1988 |
||
| 300 |
_a58 h. _b; anexos |
||
| 502 | _aTesis (Ing. Agr. Esp. en Zootecnia) -- UACH. Departamento de Zootecnia | ||
| 590 |
_aALEPH _b10 _c20130110 _lUCH01 _h1339 |
||
| 590 |
_aBATCH-UPD _b10 _c20130109 _lUCH01 _h2354 |
||
| 590 |
_aBATCH-UPD _b10 _c20130110 _lUCH01 _h2057 |
||
| 590 |
_aBATCH-UPD _b10 _c20130410 _lUCH01 _h1410 |
||
| 590 |
_aBATCH-UPD _b10 _c20130914 _lUCH01 _h0850 |
||
| 590 |
_aCONVERSION _b10 _c20130109 _lUCH01 _h1332 |
||
| 650 | 1 | 4 |
_aCarne de res _xProducción. _919222 |
| 650 | 1 | 4 |
_aCynodon plectostachyus. _930802 |
| 650 | 1 | 4 |
_aGanado vacuno _xColima. _945445 |
| 650 | 1 | 4 |
_aGanado vacuno _xPastoreo. _945502 |
| 650 | 1 | 4 |
_aPastizales _xIrrigación. _985941 |
| 650 | 1 | 4 |
_aPraderas _xColima. _991237 |
| 901 | _aBK | ||
| 942 | _cFOLL | ||
| 949 |
_bBC _cTES _d-146180 _eTS1 _h29149 _i65483 _si |
||
| 949 |
_bBC _cTES _d33724000089967 _eTS2 _fc.3 _h29151 _i65483 _si |
||
| 949 |
_bBC _cTES _d33724000089975 _eTS2 _fc.2 _h29150 _i65483 _si |
||
| 999 |
_c60347 _d60347 |
||